[Event "HUN-chT2 Breyer 1819"]
[Site "Hungary"]
[Date "2018.10.28"]
[Round "1.5"]
[White "Szavin, Mark Laszlo"]
[Black "Szabo, Lorinc"]
[Result "1/2-1/2"]
[WhiteElo "1942"]
[BlackElo "1979"]
[PlyCount "54"]
[EventDate "2018.10.28"]
[EventType "team-tourn"]
[EventRounds "9"]
[EventCountry "HUN"]
[SourceTitle "CBM 189 Extra"]
[Source "ChessBase"]
[SourceDate "2019.06.03"]
[SourceVersion "1"]
[SourceVersionDate "2019.06.03"]
[SourceQuality "1"]
[WhiteTeam "Zsambek"]
[BlackTeam "Szekesfehervar"]
[WhiteTeamCountry "HUN"]
[BlackTeamCountry "HUN"]

1. e4 c5 2. Nf3 d6 3. d4 cxd4 4. Nxd4 Nf6 5. f3 g6 6. c4 Bg7 7. Nc3 Nc6 8. Be3 Bd7 9. Be2 a6 10. 0-0 0-0 11. Qd2 Rc8 12. Rac1 Ne5 13. Nd5 Nxd5 14. cxd5 b5 15. Rxc8 Qxc8 16. Rc1 Qb7 17. Bg5 Rc8 18. Rxc8+ Qxc8 19. Bxe7 Qc5 20. b4 Nxf3+ 21. gxf3 Qxd4+ 22. Qxd4 Bxd4+ 23. Kg2 Be5 24. Bg5 Bc3 25. Be7 Be5 26. Bg5 Bc3 27. Be7 Be5 1/2-1/2

[Event "HUN-chT2 Breyer 1718"]
[Site "Hungary"]
[Date "2018.02.18"]
[Round "8.6"]
[White "Balazs, Andras"]
[Black "Szavin, Mark Laszlo"]
[Result "1-0"]
[WhiteElo "1889"]
[BlackElo "1899"]
[PlyCount "75"]
[EventDate "2017.09.24"]
[EventType "team-tourn"]
[EventRounds "11"]
[EventCountry "HUN"]
[SourceTitle "EXT 2021"]
[Source "ChessBase"]
[SourceDate "2020.10.23"]
[SourceVersion "1"]
[SourceVersionDate "2020.10.23"]
[SourceQuality "1"]
[WhiteTeam "Nyergesujfalu"]
[BlackTeam "Zsambek"]
[WhiteTeamCountry "HUN"]
[BlackTeamCountry "HUN"]

1. e4 Nf6 2. Nc3 d5 3. exd5 Nxd5 4. Nf3 g6 5. Bc4 Nb6 6. Bb3 Bg7 7. 0-0 0-0 8. d3 Nc6 9. a3 Bg4 10. h3 Bd7 11. Ne4 e6 12. Re1 h6 13. c3 Ne7 14. Qe2 Bb5 15. c4 Ba4 16. Ba2 Nf5 17. Rb1 Nd7 18. b3 Bc6 19. Bf4 b6 20. Rbd1 Nc5 21. Nxc5 bxc5 22. Ne5 Bb7 23. b4 Nh4 24. f3 Qd4+ 25. Qe3 Qb2 26. Rd2 Qxa3 27. Qxc5 g5 28. Bg3 Nf5 29. Bf2 Rfd8 30. Qxc7 Bxe5 31. Qxe5 Rxd3 32. Rxd3 Qxd3 33. Qc7 Bxf3 34. Bb1 Qc3 35. Bxf5 exf5 36. gxf3 Qxf3 37. Qg3 Qc3 38. Qxc3 1-0

[Event "Budapest-chT1 Lilienthal 1718"]
[Site "Budapest"]
[Date "2017.11.19"]
[Round "4"]
[White "Szavin, Mark Laszlo"]
[Black "Marton, Denes"]
[Result "1/2-1/2"]
[WhiteElo "1899"]
[BlackElo "2005"]
[PlyCount "38"]
[EventDate "2017.10.01"]
[EventType "team-tourn"]
[EventRounds "13"]
[EventCountry "HUN"]
[SourceTitle "EXT 2021"]
[Source "ChessBase"]
[SourceDate "2020.10.23"]
[SourceVersion "1"]
[SourceVersionDate "2020.10.23"]
[SourceQuality "1"]
[WhiteTeam "Palota Sakk"]
[BlackTeam "Budapest EAC II"]
[WhiteTeamCountry "HUN"]
[BlackTeamCountry "HUN"]

1. e4 e6 2. d4 d5 3. Nd2 Nf6 4. e5 Nfd7 5. c3 c5 6. f4 Nc6 7. Ne2 Qb6 8. Nf3 cxd4 9. cxd4 f6 10. Qb3 fxe5 11. Qxb6 axb6 12. dxe5 Nb4 13. Ned4 Nc5 14. a3 Be7 15. Rb1 Nc6 16. g3 0-0 17. Bh3 Nxd4 18. Nxd4 Ra4 19. Be3 Bd7 1/2-1/2

[Event "HUN-chT2 Breyer 1617"]
[Site "Hungary"]
[Date "2016.11.13"]
[Round "2.7"]
[White "Szavin, Mark Laszlo"]
[Black "Ruck, Robert1111"]
[Result "1/2-1/2"]
[WhiteElo "1904"]
[BlackElo "2036"]
[PlyCount "47"]
[EventDate "2016.10.30"]
[EventType "team-tourn"]
[EventRounds "9"]
[EventCountry "HUN"]
[SourceTitle "EXT 2021"]
[Source "ChessBase"]
[SourceDate "2020.10.23"]
[SourceVersion "1"]
[SourceVersionDate "2020.10.23"]
[SourceQuality "1"]
[WhiteTeam "Zsambek"]
[BlackTeam "Torokbalint"]
[WhiteTeamCountry "HUN"]
[BlackTeamCountry "HUN"]

1. e4 c5 2. Nf3 e6 3. d4 cxd4 4. Nxd4 a6 5. Bd3 Nf6 6. 0-0 Qc7 7. Nc3 Nc6 8. Nxc6 dxc6 9. Be3 b5 10. a4 b4 11. Ne2 e5 12. f3 Be6 13. c3 a5 14. cxb4 axb4 15. Nc1 Be7 16. Nb3 Nd7 17. Rc1 0-0 18. Qc2 Rxa4 19. Bb5 Ra2 20. Bxc6 Rc8 21. Qb1 Bxb3 22. Bd5 Bc5 23. Bxc5 Nxc5 24. Bxb3 1/2-1/2

[Event "HUN-chT2 Breyer 1617"]
[Site "Hungary"]
[Date "2016.10.30"]
[Round "1.7"]
[White "Kaloczi, Kristof"]
[Black "Szavin, Mark Laszlo"]
[Result "1/2-1/2"]
[WhiteElo "1913"]
[BlackElo "1904"]
[PlyCount "61"]
[EventDate "2016.10.30"]
[EventType "team-tourn"]
[EventRounds "9"]
[EventCountry "HUN"]
[SourceTitle "EXT 2021"]
[Source "ChessBase"]
[SourceDate "2020.10.23"]
[SourceVersion "1"]
[SourceVersionDate "2020.10.23"]
[SourceQuality "1"]
[WhiteTeam "Budapest MTK II"]
[BlackTeam "Zsambek"]
[WhiteTeamCountry "HUN"]
[BlackTeamCountry "HUN"]

1. d4 d5 2. Nf3 Nf6 3. Bf4 c5 4. e3 Nc6 5. c3 Qb6 6. Qb3 c4 7. Qxb6 axb6 8. Nbd2 Bf5 9. Be2 h6 10. 0-0 e6 11. Ne5 Be7 12. h3 0-0 13. g4 Bh7 14. g5 hxg5 15. Bxg5 Bf5 16. h4 Rfe8 17. Ndf3 b5 18. Nxc6 bxc6 19. Ne5 c5 20. Nc6 Bd6 21. dxc5 Bxc5 22. Bxf6 gxf6 23. Nd4 Bh3 24. Rfd1 Bxd4 25. Rxd4 b4 26. cxb4 Reb8 27. e4 Rxb4 28. exd5 exd5 29. Rxd5 Rxb2 30. Bxc4 Be6 31. Rc5 1/2-1/2